| 000 | 00497nam a22001577a 4500 | ||
|---|---|---|---|
| 008 | 230615b |||||||| |||| 00| 0 eng d | ||
| 040 |
_aNational Science Library _cNational Science Library |
||
| 080 |
_a621.392:351.74 _bP0 |
||
| 100 |
_aDeka, Kamalesh _911787 |
||
| 245 |
_aPolice telecommunications: _bPerspectives for the new millennium |
||
| 260 |
_aNew Delhi: _b"Business Inn" Journal, _c2000 |
||
| 300 | _a207p. | ||
| 650 | _aCommunication | ||
| 653 | _aTechnology | ||
| 942 |
_2udc _cBK |
||
| 999 |
_c43865 _d43865 |
||